000 00909nam a2200253Ia 4500
003 OSt
005 20220923225041.0
006 a|||||r|||| 00| 0
007 ta
008 220922b |||||||| |||| 00| 0 hin d
024 _a255,767
037 _cTextual
040 _aARTS
_cARTS
_bhin
041 _2hin
_ahin
082 _aO152,6M83:g, K2
100 _aजयचन्द्र राय
_9156358
245 0 _aआचार्य रामचन्द्र शुक्ल और उनका साहित्य
246 _aĀchārya rāmachandra shukla aur unakā sāhitya
260 _aदिल्ली
_b भारती साहित्य मन्दिर
_c1962
300 _a224पृ.
_ccm.
650 _aहिन्दी साहित्य
_9156264
942 _hO152,6M83:g, K2
_cTEXL
_2CC
999 _c375707
_d375707